Responses for show #7755 - Friday, May 4, 2018

Josh Hill game 3.

Contestants

[<< previous game]

Julie Sesnovich, a film data coordinator from Los Angeles, California

Jessica Fox, a biologist from Cleveland Heights, Ohio

Josh Hill, a network engineer from North Little Rock, Arkansas (whose 2-day cash winnings total $50,485)

[next game >>]

Jeopardy! Round responses

DOWN BY THE WATER
BODY LANGUAGE
PLACES OF SPORT & AMUSEMENT
A MATTER OF BIBLICAL LIFE & DEATH
THE CELEBRITY OPINES
QUICK FIX
(Alex: Give us the profession most likely to solve our problem.)
    $200 13
the Hudson

Jessica
    $200 5
your nose

Jessica
    $200 4
an aquarium

Jessica
    $200 3
the Philistines

Josh
    $200 2
Beckham

Josh
    $200 1
a mechanic

Julie
    $400 16
the Mekong

Josh
    $400 6
teeth

Julie
    $400 15
a rink

Josh
    $400 20
Acts

Josh
    $400 8
Britney Spears

Julie
    $400 14
a cobbler

Julie
    $600 17
Connecticut

Julie
    $600 7
(Jessica: What is the wrist?)

chin

Jessica
Triple Stumper
    $600 25
a bowling alley

Josh
    $600 21
Sodom and Gomorrah

Julie
    $600 9
Kanye West

Julie
    $600 22
a dentist

Julie
    $800 18
(Alex: John Jacob Astor.)

Astoria

Josh
    $800 12
brain

Josh
    $800 26
a playhouse

Julie
    $800 29
Moses

Triple Stumper
    $800 10
Arnold Schwarzenegger

Julie
    $800 23
a chimney sweep

Jessica
    $1000 19
Norfolk

Josh
    $1000 28
bones

Josh
    $1000 27
(Julie: What is a cyclodrome?)
(Josh: What is a cyclorama?)

velodrome

JoshJessicaJulie
    $3,000 30
lions

Josh
    $1000 11
Tara Reid

Jessica
    $1000 24
a plumber

Triple Stumper

Scores at the first commercial break (after clue 15):

Josh Jessica Julie
$1,600 $1,000 $2,800

Scores at the end of the Jeopardy! Round:

Josh Jessica Julie
$7,800 $2,800 $4,400

Double Jeopardy! Round responses

CIAO, CASSINI!
THANKS FOR THE MEMOIRS
MOVIE REMAKES
BORROWED WORDS
PRESIDENTS' ONE-SYLLABLE LAST NAMES
THE LOOK OF CULTURE
    $400 15
(Jessica: What is Australia?)
(Josh: What is India?)

Italy

JoshJessica
Triple Stumper
    $400 11
the Secret Service

Julie
    $400 3
The Ring

Julie
    $400 7
al fresco

Julie
    $400 5
(Josh: Who is Bush?)

(Gerald) Ford

JoshJessica
    $400 1
(Josh: What is dilate?)

cross-eyed

Josh
Triple Stumper
    $800 16
its atmosphere

Josh
    $800 12
France

Jessica
    $800 4
3:10 to Yuma

Josh
    $800 19
a connoisseur

Jessica
    $800 6
Taft

Josh
    $800 2
Brazil

Julie
    $1200 17
a hexagon

Josh
    $1200 13
Just One More Thing

Triple Stumper
    $3,000 8
The Magnificent Seven

Julie
    $1200 20
a bodega

Julie
    $1200 22
(Josh: Who is Polk?)
...
(Alex: Uncle Sam--U.S. [*].)

U.S. Grant

Josh
Triple Stumper
    $1200 28
lead

Triple Stumper
    $1600 18
the equator

Jessica
    $1600 14
A Little Learning

Josh
    $1600 9
The Thomas Crown Affair

Julie
    $1600 21
halal

Josh
    $1600 23
Pierce

Josh
    $1600 29
lacquer

Triple Stumper
    $6,000 25
Titan

Josh
    $2000 30
Pope John XXIII

Josh
    $2000 10
City of Angels

Julie
    $2000 26
(Alex: Less than a minute.)

an automat

Julie
    $2000 24
(Rutherford B.) Hayes

Josh
    $2000 27
the Maori

Josh

Scores at the end of the Double Jeopardy! Round:

Josh Jessica Julie
$25,800 $6,000 $16,200

[wagering suggestions for these scores]

Final Jeopardy! Round responses

LITERARY HELPERS
(Alex: Passepartout, an aide to Phileas Fogg in a journey around the world in a specified number of days.)
JessicaWho is Verne?
$1,000
JulieWho is Verne?
$4,000
JoshWho is Verne?
$6,601
Jules Verne

Final scores:

Josh Jessica Julie
$32,401 $7,000 $20,200
3-day champion: $82,886 3rd place: $1,000 2nd place: $2,000

Game dynamics:

Coryat scores:

Josh Jessica Julie
$19,800 $6,000 $14,400
22 R
(including 2 DDs),
5 W
10 R,
2 W
19 R
(including 1 DD),
1 W

Combined Coryat: $40,200

The J! Archive is created by fans, for fans. The Jeopardy! game show and all elements thereof, including but not limited to copyright and trademark thereto, are the property of Jeopardy Productions, Inc. and are protected under law. This website is not affiliated with, sponsored by, or operated by Jeopardy Productions, Inc. Join the discussion at JBoard.tv.